عرض عادي
عرض مارك
- Patient Care
مدخل مصطلح موضوعي
001 - رقم الضبط
- حقل الضبط: 45786
003 - معرف رقم الضبط
- حقل الضبط: OSt
005 - تاريخ ووقت أخر عملية
- حقل الضبط: 20140622131137.0
008 - عناصر بيانات ثابتة الطول
- حقل تحكم ثابت الطول: 140622|||a|||||| | ||| d
040 ## - مصدر الفهرسة
- هيئة الفهرسة الأصلية: OSt
- وكالة الكتابة: OSt
150 ## - مدخل-- مصطلح تاريخي
- عنصر مدخل المصطلح الموضوعي او الاسم الجغرافي: Patient Care
- تفريع عام: methods.
670 ## - بيانات المصدر موجوده
- الاستشهاد بالمصدر: Work cat.: (OSt)0: Craig, Marveen. 45785, Essentials of sonography and patient care /, c2013.
